| 000 | 01864 a2200229 4500 | ||
|---|---|---|---|
| 003 | Nust | ||
| 005 | 20221228190631.0 | ||
| 010 | _a 82073129 | ||
| 020 | _a0827313284 | ||
| 020 | _a0827313284 | ||
| 040 | _cNust | ||
| 082 | 0 | 0 | _a621.388,MIL |
| 100 | 1 |
_aKiver, Milton Sol, _941704 |
|
| 245 | 1 | 0 |
_aTelevision electronics : _btheory and servicing / _cMilton S. Kiver, Milton Kaufman. |
| 250 | _a8th ed. | ||
| 260 |
_aAlbany, N.Y. : _bDelmar, _cc1983. |
||
| 300 |
_axi, 963 p., [5] p. of plates : _bill. ; _c24 cm. |
||
| 505 | _aTelevision System Concepts.(Page-1), Television System Applications. (Page-16),Principles Of Scanning, Synchronizing And Video Signals. (Page-46), Video Signals And Picture Qualities. (Page-68),Television Camera Tubes And Camera Systems. (Page-85), TV Wave Propogation And TV Antenna Systems. (Page-117), Principles Of Monochrome Television Receivers. (Page-159),Principles Of Colour TV. (Page-178), Principles Of Colour TV Receivers. (Page-202), TV-Receiver Tuners. (Page-22),Frequency Synthesis, AFT And Remote Control. (Page-272), Video IF Amplifiers. (Page-335), Video Detectors. (Page-367), Automatic Gain Control (AGC) Circuits. (Page-383), Video Amplifiers(Page-416), Video Amplifier Design. (Page-449), DC Reinsertion. (Page-481), TV Picture Tubes. (Page-497), Low Voltage TV Power Supplies. (Page-542),Synchronizing Circuits. (Page-574),Vertical Oscillators And Digital Countdown. (Page-601), Horizontal Oscillators And Horizontal AFC. (Page-640),Horizontal Output Deflection Circuits And High Voltage. (Page-669),Vertical Output Deflection Circuits. (Page-721),The FM Sound System. (Page-750), Colour TV Receiver Circuit Analysis, Test Equipment And Alignment. (Page-793), Servicing And Troubleshooting Television Receiver. (Page-862). | ||
| 650 | 0 | _aTelevision. | |
| 700 | 1 |
_aKaufman, Milton. _941683 |
|
| 942 |
_2ddc _cBK |
||
| 999 |
_c183335 _d183335 |
||